000 00578nam a2200181Ia 4500
008 090630s9999 xx 000 0 und d
082 _b19056
100 _aराजाध्यक्ष विजया.
245 _aअधांतर.
_cराजाध्यक्ष विजया.
260 _b---
300 _a238
600 _aराजाध्यक्ष विजया.
630 _aअधांतर.
655 _aलघुकथा.
700 _aराजाध्यक्ष विजया.
730 _aअधांतर.
942 _cBOOK
999 _c270912
_d270912